[Event "St Petersburg op2"]
[Site "St Petersburg"]
[Date "1994.??.??"]
[Round "2"]
[White "Iskusnyh, Sergei"]
[Black "Serper, Grigory"]
[Result "0-1"]
[WhiteElo "2450"]
[BlackElo "2575"]
[Annotator "Serper,G"]
[PlyCount "58"]
[EventDate "1994.10.??"]
[EventType "swiss"]
[EventRounds "9"]
[EventCountry "RUS"]
[SourceTitle "CBM 043 Extra"]
[Source "ChessBase"]
[SourceDate "1995.01.01"]
[SourceVersion "1"]
[SourceVersionDate "1995.01.01"]
[SourceQuality "1"]

1. d4 d5 2. c4 c6 3. Nc3 Nf6 4. e3 e6 5. Nf3 Nbd7 6. Qc2 Bd6 7. Bd2 O-O 8.
O-O-O c5 9. e4 $5 (9. cxd5 exd5 10. Kb1 c4 11. Ng5 h6 12. h4 g6 13. f3 hxg5 14.
hxg5 Nh7 15. Nxd5 $36 {Averkin,O-Andrianov,N/URS/1983/1:0/34/}) 9... cxd4 10.
Nxd4 Be5 11. Be1 (11. Bg5 $5) 11... Bxd4 12. Rxd4 e5 13. Rd1 (13. Rxd5 $5 Nxd5
14. Nxd5 {/\ Bc3}) 13... d4 14. Nd5 Nc5 15. f3 Nxd5 16. cxd5 (16. exd5 $6 Qf6 {
/\ Bf5-/+}) 16... Bd7 $36 17. Kb1 Rc8 18. Qd2 (18. Rc1 $2 Nxe4 $1 19. Qxe4 Qg5
$19) 18... f5 $1 19. Bg3 (19. Bd3 fxe4 20. fxe4 (20. Bxe4 Bf5 $19) 20... Rf4
$19) 19... fxe4 20. Bxe5 d3 $1 21. fxe4 (21. Bd6 Ba4 $1 22. Bxf8 Bc2+ 23. Ka1
Qxf8 24. Rc1 Qf6 $1 {/\ 25...Nb3 26.ab3 Qa6#}) 21... Nxe4 22. Qxd3 (22. Qe3 Nf2
23. Bxd3 Nxd3 24. Rxd3 Bf5 $19) 22... Qg5 $1 $19 (22... Nf2 23. Qg3) 23. Qd4 (
23. Bd4 Bf5 24. h4 Qc1+ $3 25. Rxc1 Nd2+ 26. Ka1 Rxc1+ $19) 23... Nf2 24. h4 (
24. Bc4 Rxc4 25. Qxc4 Qxe5 $19) (24. Bd3 Nxd3 25. Rxd3 Bf5) 24... Bf5+ 25. Bd3
Bxd3+ 26. Rxd3 Qg6 $1 27. Bxg7 (27. Rhh3 Nxh3 28. gxh3 Rf1#) 27... Nxd3 28. h5
Qxg2 29. Qg1 Qxg7 0-1

[Event "IND-ch 52nd"]
[Site "Kottayam"]
[Date "2014.12.15"]
[Round "10"]
[White "Kunte, Abhijit"]
[Black "Sethuraman, SP."]
[Result "0-1"]
[WhiteElo "2480"]
[BlackElo "2622"]
[Annotator "Sethuraman,SP"]
[PlyCount "66"]
[EventDate "2014.12.05"]
[EventType "tourn"]
[EventRounds "13"]
[EventCountry "IND"]
[EventCategory "10"]
[SourceTitle "CBM 164"]
[Source "ChessBase"]
[SourceDate "2015.01.15"]
[SourceVersion "1"]
[SourceVersionDate "2015.01.15"]
[SourceQuality "1"]

1. d4 d5 2. c4 c6 3. Nc3 Nf6 4. e3 e6 5. Nf3 Nbd7 6. Qc2 b6 {I was leading the
tournament by one point. I wanted to play something more solid rather than
going for the complicated mainlines with 6...Bd6. Hence I went for the Dreev
System which had been revived again recently thanks to the immense efforts of
Grandmaster Dreev.} 7. cxd5 (7. Bd3 {is the main direction} Bb7 8. O-O dxc4 $5
9. Bxc4 c5 10. Rd1 Be7) 7... cxd5 8. Nb5 Bb4+ 9. Bd2 Bxd2+ 10. Nxd2 O-O 11. Be2
(11. Rc1 Ba6 12. Qa4 Rc8 $1) (11. Bd3 a6 $1 12. Nd6 b5 13. Rc1 Nb6 14. Qc7 Nc4)
11... a6 (11... Ba6 {was more precise} 12. O-O Rc8 13. Qa4 Nb8 14. Rac1 Qd7)
12. Nd6 b5 13. O-O $6 (13. Rc1 Nb6 14. Qc7 Nc4 15. Qxd8 Rxd8 16. N6xc4 {
I was more worried about this during the game} (16. N2xc4 $6 dxc4 17. Bf3 Nd5
18. Ne4 Ra7 {Lauber,A (2434)-Dreev,A (2662) Bilbao 2014}) 16... dxc4 (16...
bxc4 17. b3 cxb3 18. Nxb3) 17. b3 cxb3 18. Nxb3 Bb7 19. f3 Bd5 20. Kf2 {
with slight pressure.}) 13... Nb6 14. Nxc8 Rxc8 15. Qd3 Nc4 16. Rfb1 $6 {
Not a big mistake but slowly one small one creates another one and the
position gets worse.} (16. Rab1 $142 {or}) (16. b3 Nxd2 17. Qxd2 Ne4 18. Qb2
Nc3 19. a4 {A simple rule - if you are on the defending side try to exchange
pawns to reduce the weakness [of course conditions apply:), i.e. not always.]}
(19. Rfc1 Qa5 20. Bd3 Rc6) 19... Qb6 20. axb5 axb5 21. Bd3 {was just equal.})
16... Qd6 {Just improving the position of the pieces.} 17. Nf1 Rc6 18. Qd1 {
My oppponent offered me a draw here. I decided to continue and put pressure
since there was no risk for me even though the tournament situation did not
demand it.} Rfc8 19. Bd3 a5 20. h3 $2 {Creating a weakness. Whenever Black
plays ...Ne4 White has f3 but now after 20.h3 it weakens the complex of black
squares.} (20. b3 Na3 21. Rc1 Ne4) (20. Ng3 {was the better way to resist.})
20... Ne4 $1 {[%csl Gc4,Ge4] The dominating knights.} 21. Qe1 b4 22. f3 Nf6 23.
Qe2 e5 $1 {Now it's time to open up the position after provoking a weakness.}
24. Rc1 exd4 25. exd4 Nh5 $1 {[%csl Rf4,Rg3] Simple positional operation
exploiting the dark squares.} 26. Qf2 (26. Bf5 Nf4 27. Qf2 Re8 $17 {[%cal
Gg7g6]}) 26... Nf4 27. Rd1 Qf6 28. Rab1 (28. b3 Qg5 29. Kh1 Nb2 30. Qxb2 Rc2
$19) 28... Re6 $1 {Bringing more energy to the kingside since the rooks on the
c-file are of no use now.} 29. b3 Nd6 30. Nh2 h5 31. Bf1 Qg6 32. Qh4 Ne2+ 33.
Kh1 Nf5 {A picturesque finish. This win helped to further increase my lead and
I went on to become the Indian Premier Champion and qualified for the World
Cup at Baku.} 0-1

[Event "Reykjavik"]
[Site "Reykjavik"]
[Date "1992.??.??"]
[Round "5"]
[White "Shirov, Alexei"]
[Black "Thorhallsson, Throstur"]
[Result "1-0"]
[WhiteElo "2655"]
[BlackElo "2425"]
[Annotator "Shirov,A"]
[PlyCount "75"]
[EventDate "1992.03.??"]
[EventType "tourn"]
[EventRounds "11"]
[EventCountry "ISL"]
[EventCategory "11"]
[SourceTitle "CBM 028"]
[Source "ChessBase"]
[SourceDate "1992.06.01"]
[SourceVersion "1"]
[SourceVersionDate "1992.06.01"]
[SourceQuality "1"]

1. d4 {Ftacnik} d5 2. c4 c6 3. Nc3 Nf6 4. Nf3 e6 5. e3 Nbd7 6. Qc2 Bd6 7. g4 {
N; 7.h3 /\ g2-g4 is well known.} (7. h3 {Ftacnik} O-O 8. g4 Qe7 (8... e5 9. g5
Ne4 10. cxd5 Nxc3 11. dxc6 Nd5 12. cxd7 Bxd7 13. dxe5 Nb4 14. Qd1 Rc8 15. Be2
Bb8 16. Kf1 Qe7 $13 {Shabalov,A-Shveshnikov,E/Torcy op/1991/}) 9. g5 Nh5 10.
Bd3 g6 11. Bd2 dxc4 12. Bxc4 b5 13. Be2 Bb7 14. Ne4 c5 15. Rg1 Rac8 $132 {
Djurhuus,R-Shabalov,A/Oslo Cup/1991/}) 7... O-O (7... dxc4 8. g5 Nd5 9. Bxc4
$13) (7... Nxg4 8. Rg1 (8. Rg1 {Ftacnik} Nxh2 9. Nxh2 Bxh2 10. Rxg7 $13)) (7...
h6) 8. g5 Nh5 9. Bd2 (9. Bd3 {Ftacnik} g6 10. Bd2 dxc4 11. Bxc4 b5) 9... f5 $5
(9... a6 {/\ 10...b5} 10. c5 Bc7 11. Ne2 $1 {/\ 12.Ng3}) 10. gxf6 (10. O-O-O {
Ftacnik} g6 11. Kb1 Qe7 $10) 10... Nhxf6 11. Ng5 Qe8 12. O-O-O (12. f4 $5 e5 $1
13. fxe5 (13. O-O-O e4) 13... Nxe5 14. dxe5 Qxe5 15. Nf3 Qh5 $36) 12... h6 13.
h4 Bb4 $1 (13... hxg5 14. hxg5 Ne4 15. Nxe4 dxe4 16. Qxe4 Rf5 17. c5 $18 {
/\ 18.Bc4} (17. c5 {Ftacnik} Bc7 18. Bc4 $18)) 14. Bd3 Bxc3 $1 (14... b6 15.
cxd5 $1 cxd5 (15... exd5 16. Bh7+ Kh8 17. Ne2 $1 Bd6 (17... Bxd2+ 18. Rxd2 {
/\ 19.Nf4} (18. Rxd2 {Ftacnik} Bb7 19. Nf4 $18)) 18. Qxc6 $16) (15... Bxc3 16.
Bxc3 exd5 17. Bh7+ Kh8 18. Bf5 $16) 16. Nb5 Bxd2+ 17. Rxd2) 15. Bxc3 hxg5 (
15... b6 {Ftacnik} 16. Bh7+ Kh8 17. Bg6 Qe7 18. Rdg1 $16) 16. hxg5 Ne4 17. Bxe4
dxe4 18. Qxe4 Rf5 (18... Rxf2 {Ftacnik} 19. Qh7+ Kf7 20. g6+ Ke7 21. Qh4+ Rf6
22. e4 $18) 19. Qh4 $16 (19. g6 Qxg6 20. Rdg1 Qf6) 19... Qg6 20. Qh8+ $1 (20.
f4 Rf8) 20... Kf7 21. f4 {/\ 22.Qd8, 23.Rh8} Nf8 (21... b6 $2 {Ftacnik} 22. Qd8
Nf8 23. Rh8 $18) 22. Qh4 {/\ 23.e4} Ke8 23. e4 Rf7 24. Rhe1 $1 {/\ 25.f5} Kd8 (
24... Bd7 {Ftacnik} 25. f5 Qh7 26. Qxh7 Nxh7 27. g6 $18) 25. d5 $1 cxd5 26.
cxd5 Bd7 27. f5 $1 exf5 28. e5 f4 $5 (28... Rc8 29. e6 Re7 30. Qb4 $1 b6 (30...
Qxg5+ 31. Kb1) 31. Qd6 $1 Qxg5+ 32. Kb1 {/\ 33.Bb4 Ng6 34.Rc1 +-} (32. Kb1 {
Ftacnik} Ng6 33. Bb4 $18)) 29. e6 Ba4 30. Rd2 Rf5 31. Qf2 $1 (31. e7+ Kd7 32.
exf8=Q Raxf8) 31... f3 32. Re4 $2 (32. Qc5 $1 Ke8 (32... f2 33. e7+ Kd7 34.
exf8=N+ Raxf8 35. Re7+ Kd8 36. Qc7#) 33. Qb4 $1 Rxd5 (33... b5 34. Qc5 $1) 34.
Qxa4+ b5 35. Qa6 Rxd2 36. Qc6+ Ke7 37. Bb4+ $18) 32... Rxg5 33. Rxa4 Rg1+ 34.
Rd1 Rg2 $2 (34... Qh6+ $1 $18 35. Qd2 f2 36. Rf4 Rxd1+ 37. Kxd1 Qh1+ 38. Ke2
Ng6 $1 39. Rxf2 Qe4+ 40. Kd1 $1 (40. Qe3 $6 Qxd5) 40... Qb1+ 41. Qc1 Qd3+ 42.
Rd2 Qf3+ 43. Kc2 Qe4+ 44. Kb3 b5 45. Ba5+ $18) (34... Rxd1+ {Ftacnik} 35. Kxd1
Qd3+ 36. Kc1 Rc8 37. Rd4 $18) 35. Qh4+ Ke8 (35... Qg5+ {Ftacnik} 36. Qxg5+ Rxg5
37. Rf4 Ng6 38. Rxf3 $18) 36. Re4 {/\ 37.d6 +-} Rc8 37. d6 Rd8 38. Qe7# 1-0

[Event "Gausdal m"]
[Site "Gausdal"]
[Date "1992.??.??"]
[Round "1"]
[White "Agdestein, Simen"]
[Black "Shirov, Alexei"]
[Result "0-1"]
[WhiteElo "2590"]
[BlackElo "2655"]
[Annotator "Shirov,A"]
[PlyCount "66"]
[EventDate "1992.02.??"]
[EventType "match"]
[EventRounds "4"]
[EventCountry "NOR"]
[SourceTitle "CBM 028"]
[Source "ChessBase"]
[SourceDate "1992.06.01"]
[SourceVersion "1"]
[SourceVersionDate "1992.06.01"]
[SourceQuality "1"]

1. c4 {Ftacnik} e6 2. Nf3 d5 3. d4 Nf6 4. Nc3 c6 5. e3 Nbd7 6. Qc2 Bd6 7. Bd2 (
7. h3 O-O 8. g4 e5 9. g5 Ne4 10. Nxe4 dxe4 11. Qxe4 f5 $13) (7. g4 dxc4 {
Adams,M-Kasparov,G/Dortmund/1992/0-1/} 8. g5 Nd5 9. Bxc4 $13) (7. Rg1 $5) 7...
O-O 8. cxd5 $5 {N} (8. O-O-O dxc4 9. Bxc4 b5 10. Bd3 Bb7 $15) 8... exd5 9.
O-O-O Re8 10. Bd3 (10. Kb1 Ne4 11. Bc1 Ndf6 12. Ne1 $13) 10... c5 $1 11. dxc5
Nxc5 12. Nd4 (12. Nb5 Bf8 13. Bc3 Nfe4 $15) (12. Bb5 Bd7 13. Bxd7 Qxd7 14. Be1
Rac8 $15) 12... a6 $1 13. f3 b5 14. Kb1 b4 15. Nce2 $6 (15. Na4 Nxd3 16. Qxd3
Bd7 17. b3 $13) 15... Nxd3 16. Qxd3 a5 $1 $17 17. Be1 Ba6 18. Qd2 Nd7 19. Bg3
Nb6 20. b3 (20. Bxd6 $2 Nc4 $19) 20... a4 21. Nc6 (21. Bxd6 Qxd6 22. Rc1 axb3
23. axb3 Bc4 $3 24. bxc4 Nxc4 25. Rxc4 dxc4 $19) 21... Qd7 22. Ned4 (22. Bxd6
Qxc6 $1 (22... Qxd6 {Ftacnik} 23. Nxb4 $2 Bxe2 $19) 23. Bxb4 axb3 24. axb3 Bxe2
25. Qxe2 Nc4 $1 26. bxc4 Reb8 $19) 22... Bf8 23. Nxb4 axb3 24. axb3 Bc4 $1 25.
Nbc2 (25. bxc4 Nxc4 26. Qc3 Ra3 (26... Rxe3 $19 {Ftacnik}) 27. Nb3 Qa4) 25...
Rec8 26. Na1 (26. bxc4 {Ftacnik} Nxc4 27. Qd3 Qa4 $19) (26. Rhe1 {Ftacnik} Bxb3
27. Nxb3 Qa4 28. Nca1 (28. Nba1 Qa2+ 29. Kc1 Qxa1#) 28... Nc4 29. Qe2 Na3+ 30.
Kb2 Nc2 31. Nxc2 Qa2+ 32. Kc1 Ba3+ 33. Kd2 Qxc2#) 26... Bd3+ 27. Qxd3 (27. Kb2
{Ftacnik} Qa7 28. Nac2 Qa2+ 29. Kc1 Ba3#) 27... Qa7 28. Ndc2 (28. Nac2 Qa2+ 29.
Kc1 Bb4 (29... Bb4 {Ftacnik} 30. Nc6 Rxc6 31. Be5 Rd8 $19)) 28... Qa2+ 29. Kc1
Qxa1+ 30. Kd2 Qb2 31. Rc1 Bb4+ 32. Kd1 Rc3 33. Qd4 (33. Qe2 Qxb3) (33. Qd2 {
Ftacnik} Qxb3 34. Ke2 Rxc2 35. Qxc2 Ra2 $19) 33... Rxc2 (33... Rxc2 {Ftacnik}
34. Rxc2 Ra1+ 35. Ke2 Qxc2+ 36. Qd2 Qxd2#) 0-1

[Event "Hastings 9596"]
[Site "Hastings"]
[Date "1996.??.??"]
[Round "5"]
[White "Speelman, Jonathan S"]
[Black "Lalic, Bogdan"]
[Result "1/2-1/2"]
[WhiteElo "2620"]
[BlackElo "2590"]
[Annotator "Speelman,J"]
[PlyCount "86"]
[EventDate "1995.12.??"]
[EventType "tourn"]
[EventRounds "9"]
[EventCountry "ENG"]
[EventCategory "13"]
[SourceTitle "CBM 051"]
[Source "ChessBase"]
[SourceDate "1996.04.01"]
[SourceVersion "1"]
[SourceVersionDate "1996.04.01"]
[SourceQuality "1"]

1. Nf3 Nf6 2. c4 e6 3. Nc3 Bb4 4. e3 b6 5. Be2 O-O 6. O-O d5 7. a3 Bd6 (7...
Bxc3 8. bxc3) 8. d4 Bb7 9. Qc2 c5 $1 (9... Nbd7 10. cxd5 exd5 11. Nb5) 10. dxc5
bxc5 11. Rd1 Nbd7 12. Rb1 $5 Qe7 (12... Rc8 $1 {intending} 13. b4 cxb4 14. axb4
Bb8 $1 {and if} 15. c5 a5 $1 {blows up White's structure.}) 13. cxd5 exd5 14.
Nb5 Rfc8 (14... Bb8 15. b4 $1) 15. Nxd6 Qxd6 16. Bd2 d4 $1 17. Ne1 (17. exd4
Be4 18. Bd3 Bxf3) 17... Be4 (17... Ne5 18. f3 c4 19. exd4 Qxd4+ 20. Kh1 {and if
} (20. Kf1 $2 Neg4 21. fxg4 Ne4 $19) 20... Qf2 21. Bc3 Neg4 22. fxg4 Re8 23.
Bf3 Rxe1+ 24. Rxe1 Qxc2 25. Bxb7 {is very good for White}) 18. Bd3 Bxd3 19.
Qxd3 Ne5 {Here Bogdan offerd me a draw which I declined since I felt that
things were under control...} (19... Ng4 20. f4 $1 (20. Nf3 Nde5 $1) 20... Qh6
21. h3 dxe3 22. Bxe3 c4 $1 23. Qe2 Nxe3 24. Qxe3 Nc5 {is fine for Black.}) 20.
Qf5 {He'd miseed that if} g6 (20... Neg4 {simply} 21. Nf3 $1 {with the
advantage.}) 21. Qf4 Nd5 22. Qg3 dxe3 23. Bxe3 Qe6 24. Rbc1 $2 {[#]Here he
thought eight minutes before unleashing.} Nc4 $3 {I had missed this entirely.
The point is that if} 25. Nd3 {Very submissive.} (25. Bh6 Nxb2 26. Rd2 Nc4 (
26... Na4 27. Nd3 Nac3 28. Nf4 Qf5 $1 {is also good for Black.} (28... Nxf4 $4
29. Qxc3 $18)) 27. Rxd5 Qxd5 28. Qc3 Ne5 29. f4 Qd4+ 30. Qxd4 cxd4 {I thought
that} 31. Rxc8+ $2 (31. fxe5 Rxc1 32. Bxc1 Rc8 33. Bd2 $1 (33. Bb2 $6 d3 $1 34.
Nxd3 Rc2 35. Ba1 $1 {forced} Rd2 (35... Ra2 $4 36. Bb2 $18) 36. Ne1 Ra2 (36...
Rd1 $2 37. Bc3) 37. Bd4 Rxa3 {is fine for Black.})) 31... Rxc8 32. fxe5 Rc3 {
was forced.}) (25. Rxc4 $2 Nxe3 {wins the exchange. Bogdan had seen 24...Nc4
at once but was worried about}) 25... Ncxe3 26. fxe3 c4 27. Nf4 $1 (27. Nf2 c3
28. e4 cxb2 $1 29. Rxc8+ Rxc8 30. exd5 Qb6 31. Qd3 Rc1 $1 {wins immediately.})
27... Qxe3+ 28. Qxe3 Nxe3 29. Re1 Nf5 30. g4 $5 Nd4 31. Re4 Rd8 $1 {so that if}
32. Kf2 (32. Rxc4 $2 Nf3+ 33. Kf2 Nd2) 32... Rab8 33. Rd1 $1 Nc6 (33... Rxb2+
34. Ne2 $3 {wins material.} (34. Kf1 c3 35. Rexd4 Rxd4 36. Rxd4 c2 37. Ne2 Rb1+
38. Kf2 c1=Q 39. Nxc1 Rxc1 40. Ra4 Rc7 41. Ra6 {White should survive.})) 34.
Rxd8+ Rxd8 35. Ne2 (35. Rxc4 Ne5 36. Ra4 Rd2+ 37. Kg3 Rxb2) 35... Rd2 $2 (35...
Na5 $1 {kept a clear advantage.}) 36. Rxc4 Ne5 37. Re4 f6 38. g5 $1 Kf7 39. Ra4
Rd7 40. gxf6 Nd3+ 41. Ke3 Nxb2 42. Ra6 Nc4+ 43. Ke4 Rd6 (43... Nb6 44. Ke5 Rb7
45. Nd4 Nd7+ 46. Kf4 Nxf6 47. Nc6 {threatening both the a-pawn and 48 Nd8+} Rb2
48. Rxa7+ {White is fine}) (43... Rd6 44. Rxa7+ (44. Rxd6 $5 Nxd6+ 45. Kd5)
44... Kxf6 45. Rxh7 Nxa3 $10) 1/2-1/2

[Event "Jakarta m"]
[Site "Jakarta"]
[Date "1994.??.??"]
[Round "4"]
[White "Seirawan, Yasser"]
[Black "Adianto, Utut"]
[Result "1-0"]
[WhiteElo "2600"]
[BlackElo "2520"]
[Annotator "Tietscher"]
[PlyCount "93"]
[EventDate "1994.11.??"]
[EventType "match"]
[EventRounds "4"]
[EventCountry "INA"]
[SourceTitle "CBM 046"]
[Source "ChessBase"]
[SourceDate "1995.06.01"]
[SourceVersion "1"]
[SourceVersionDate "1995.06.01"]
[SourceQuality "1"]

1. c4 c6 2. d4 d5 3. Nc3 e6 4. e3 Nf6 5. Nf3 Nbd7 6. Qc2 Bd6 7. b3 O-O 8. Be2
e5 (8... Re8 $5) 9. cxd5 cxd5 10. Nb5 Bb4+ (10... Bb8 $2 11. Ba3 Re8 12. Rc1 a6
13. Nc7 $16) 11. Bd2 Bxd2+ 12. Nxd2 a6 13. dxe5 (13. Nc7 $2 Ra7 $1 14. O-O exd4
15. exd4 Nb8 $1 $15 {/\Nc6} 16. Rac1 (16. Nf3 Nc6 17. Nxa6 Rxa6 18. Bxa6 Nb4 $1
$17) 16... Nc6 17. Qc5 Nd7 18. Qd6 Nb6 $15) 13... Nxe5 14. Nd4 Qd6 15. O-O Bg4
16. Bxg4 Nexg4 17. N2f3 Rac8 18. Qf5 {Black has to cover his isolated Pd5 and
his Ng4, which is seeking for good squares.} g6 19. Qg5 Rfe8 20. h3 Ne5 21.
Nxe5 Rxe5 22. Qf4 Ne4 23. Rfc1 Ree8 24. Qxd6 Nxd6 25. Kf1 Rxc1+ $2 {Giving
away the c-file.} (25... Kg7 $142 26. Ke2 Kf6 $14) 26. Rxc1 Rc8 27. Rxc8+ Nxc8
28. Ne2 $1 $16 {Black has weak pawns and squares around the pawns at b7, d5
and h7.The idea of Ne2 is to make pressure against d5 as soon as possible by
playing Ne2-c3.} (28. Ke2 Kf8 29. Kd3 Ke7 30. Ne2 Kd6 31. Kd4 $2 Ne7 {/\Ne7-c6
and White has achieved nothing.}) 28... Kg7 (28... Kf8 29. Nc3 Nb6 30. a4 a5
31. Ke2 Ke7 32. Kd3 Kd6 33. Kd4 $18 {White will win by playing e3-e4.}) 29. Nc3
{The White N starts to attack all weak Black pawns.} Ne7 30. Na4 $1 {/\Nc5} (
30. Ke2 Kf6 31. Kd3 Ke5 $10 {/\Kd6 and Nc6}) 30... b5 31. Nc5 a5 32. Nb7 $1 Nc6
(32... a4 33. bxa4 bxa4 34. a3 Nc6 35. Nc5 Na5 36. Nxa4 Nc4 37. Nc3 Nxa3 38.
Nxd5 $18) 33. Nd6 b4 34. Ne8+ Kf8 (34... Kg8 $2 35. Nf6+ Kg7 36. Nxd5) (34...
Kh6 35. Ke2 Kg5 36. Nc7 d4 37. Nb5 dxe3 38. Kxe3 Kf6 39. Ke4 $18) 35. Nf6 {
Finally the N wins the Ph7!} d4 36. Nxh7+ Ke7 37. Ng5 dxe3 38. fxe3 Ne5 39. Ke2
Kd6 40. Nf3 Nd7 41. Kd3 Nb6 42. e4 f6 43. Kd4 a4 44. Ne1 {Preparing Nd3.} axb3
45. axb3 Nd7 46. Nd3 Nf8 47. h4 1-0

[Event "Osterskars op"]
[Site "Osterskars"]
[Date "1995.??.??"]
[Round "6"]
[White "Gabriel, Christian"]
[Black "Chernin, Alexander"]
[Result "0-1"]
[WhiteElo "2475"]
[BlackElo "2600"]
[Annotator "Tisdall,J"]
[PlyCount "79"]
[EventDate "1995.08.??"]
[EventType "swiss"]
[EventRounds "9"]
[EventCountry "SWE"]
[SourceTitle "EXT 1997"]
[Source "ChessBase"]
[SourceDate "1996.11.15"]
[SourceVersion "1"]
[SourceVersionDate "1996.11.15"]
[SourceQuality "1"]

{This is a typically exemplary game from the tournament favorite, with a
patented blend of precise opening preparation and iron technique.} 1. d4 d5 2.
c4 c6 3. Nf3 Nf6 4. Nc3 e6 5. e3 Nbd7 6. Qc2 Bd6 7. Bd2 O-O 8. h3 a6 9. O-O-O {
It seems to me that this is an old, disreputable line with the move h3 added.
Perhaps} (9. Rd1 {is worth a look. The moves h3, Ld2, fit in with the quiet
0-0 systems which often become a waiting contest.}) 9... dxc4 10. Bxc4 (10. e4
$5 {looks more energetic, planning} e5 11. dxe5 Nxe5 12. Nxe5 Bxe5 13. Bxc4 (
13. f4 Bxc3 14. Bxc3 Qe7 15. Bxc4 Qxe4 16. Bd3 $5)) 10... c5 11. dxc5 Nxc5 {
White's position is already unpleasant - his king is more exposed, he is about
lose control of e4 and have the black b-pawn rammed down his throat.} 12. e4 b5
13. Be3 Qc7 14. Rxd6 (14. Be2 Ncxe4 $1 {simply wins a pawn, but I wonder about}
) (14. Bxb5 $5 {Now} axb5 (14... Ncxe4 $2 15. Nxe4 Qxc2+ 16. Kxc2 Nxe4 17. Bc6
{simply loses material.}) 15. Nxb5 Nb3+ 16. Kb1 $1 (16. axb3 Ra1+ 17. Kd2 Bb4+
{is clearly frightening for white.}) 16... Qxc2+ 17. Kxc2 Bc5 18. Kxb3 Bxe3 19.
fxe3 Nxe4 20. Rd4 {leads to very double-edged play, where white has a pawn for
his troubles.}) 14... Qxd6 15. e5 Qc7 16. Be2 (16. exf6 bxc4 {black's
possession of d3 should snuff all active play.}) 16... Ne8 17. Nd5 $5 (17. Nxb5
Nb3+ (17... axb5 $2 18. Bxc5 Rxa2 19. Rd1 $1) 18. axb3 axb5 {is not impressive
for white.}) 17... exd5 18. Qxc5 (18. Bxc5 Bf5 19. Qc3 Rc8 {wins for black.})
18... d4 {An elegant move to activate his forces, though I imagine the
tight-fisted ...Lf5 should also suffice.} 19. Qxc7 Nxc7 20. Nxd4 Bb7 21. Nf5
Ne6 22. f3 f6 $1 {Logical and strong. Chernin creates a launching platform for
his rooks, and lays the groundwork for a later ..Sf4 which will torment
white's kingside.} 23. exf6 Rxf6 24. Bd3 Raf8 25. Nd6 Bd5 26. Ne4 R6f7 27. Nc3
Rc8 28. Bc2 Bc4 29. b3 $5 {White sheds a pawn in order to acquire an unopposed
bishop pair, but the weakening of his king shelter will tell in the end.} Bxb3
30. axb3 Rxc3 31. Bd2 Rc8 32. Kb2 Nf4 33. Be4 Kh8 34. g4 Ne2 35. Ra1 Nd4 36.
Rxa6 Nxf3 37. Bc3 b4 $1 {Murderous efficiency, this fine move allows black to
coordinate all of his pieces.} 38. Bxb4 Nd4 39. Ra2 (39. Bc3 Rf2+ 40. Kb1 Nxb3
{is hopeless for white, e.g.} 41. Ra7 Nd2+ {with an easy technical win.}) (39.
Bd5 Rf2+ 40. Ka3 Nb5+ 41. Ka4 Nc7 42. Ra5 Ra2+ 43. Ba3 Nxd5 44. Rxd5 Ra8+) (39.
Bf5 Nxf5 40. gxf5 Rxf5 {is probably the most stubborn, but holds out little
hope.}) 39... Rf4 $1 40. Bb1 {and white resigned without waiting for the
brutal ...Tf2+.} 0-1